000 01380nam a2200133Ia 4500
008 220620s9999||||xx |||||||||||||| ||und||
020 _a9783040000000
245 4 _aThe Built Environment in a Changing Climate
_bInteractions, Challenges and Perspectives
546 _aEnglish[eng]
650 _aoutdoor space||thermal environment||radiation environment||wind environment||heat-related mortality||built environment||urban resilience||extreme heat||climate change||urban heat island||heat stress from outside||indoor environments||tropics||multi-level office buildings||coastal cities||Mediterranean climate||urban heat island intensity||sample year||climate change adaptation||barriers||focus group discussion||Tehran||structural equation modeling||urban management||near-zero energy buildings||future scenarios||energy efficiency||adaptive comfort||long-term performance||urban heat||Australia||UHI effect||mitigation||bushfire smoke||indoor air quality||filtration||building envelope||energy||future weather data||building energy performance||thermal comfort||statistical downscaling of climate models||dynamical downscaling of climate models||urban modelling||cities||buildings||decarbonization||urbanisation||climate||densification||population||temperature||n/a
700 _aUlpiani, Giulia||Zinzi, Michele
856 _uhttps://mdpi.com/books/pdfview/book/4640
942 _cEB
999 _c25347
_d25347